Globalización y pensamiento único: puntos nodales de la crítica latinoamericana al discurso hegemónico/
Uloženo v:
| Hlavní autor: | |
|---|---|
| Médium: | Kniha |
| Jazyk: | Spanish |
| Tagy: |
Přidat tag
Žádné tagy, Buďte první, kdo vytvoří štítek k tomuto záznamu!
|
MARC
| LEADER | 00000nam a22000007a 4500 | ||
|---|---|---|---|
| 003 | cru CIDCACS/IIS | ||
| 005 | 20190208135413.0 | ||
| 007 | ta | ||
| 008 | 181031s2001 ve |||p|r||||||0| ||spa|d | ||
| 999 | |c 42167 |d 42167 | ||
| 040 | |c cru CIDCACS/IIS | ||
| 100 | 1 | |9 6696 |a Fernández Nadal, Estela | |
| 245 | 1 | |a Globalización y pensamiento único: |b puntos nodales de la crítica latinoamericana al discurso hegemónico/ |c Estela Fernández Nadal | |
| 300 | |a páginas 21-40 | ||
| 773 | 0 | |0 41855 |9 2645 |a Universidad del Zulia. |d Venezuela: Universidad del Zulia; Centro Experimental de Estudios Latinoamericanos "Dr. Gastón Parra Luzardo", |o 01860 |t Cuadernos Latinoamericanos / |x 13154176 | |
| 942 | |2 ddc |c PP | ||
